• 首页
  • 本馆介绍
  • 公告通知
  • 最新文献
  • 馆藏检索
  • 电子资源
  • 读者导购
  • 参考咨询
  • 我的图书馆
  • 登录
  • 详细信息显示
  • 放入我的书架
  • 预约/预借图书
  • 作者相关作品
  • 分类相关作品
  • 丛书相关作品
  • 出版社相关作品

书目信息

  • 表格格式
  • 工作单格式
  • 卡片格式
题名:
概率趣题50例
    
 
作者: 施延龄 译
分册:  
出版信息: 长沙   中南工业大学出版社  1989.1
页数: 102页
开本: 21cm
丛书名:
单 册:
中图分类: O211-49
科图分类:
主题词: 概率论--普及读物
电子资源:
ISBN: 7-81020-194-8
000 00537nam0 2200193 45
001 0405201552
005 20041111081753.9
010    @a7-81020-194-8@dCNY1.20
100    @a20040520d1989 km y0chiy0120 ea
101 0  @achi
105    @a z 000yy
200 1  @a概率趣题50例@AGai Lu Qu Ti 50 Li@f施延龄译@FShi Yan Ling Yi
210    @a长沙@d1989.1@c中南工业大学出版社
215    @a102页@d21cm
606 0  @a概率论@x普及读物
690    @aO211-49@v3
701  0 @a施延龄@4译
801    @aCN@bPftUser@c20040520
905    @dO211-49@e82@f1@b262553
    
    概率趣题50例/施延龄译.-长沙,1989.1:中南工业大学出版社
    102页;21cm
    
    
    ISBN 7-81020-194-8:CNY1.20
    
●
相关链接 在E读中查询图书 在五车中查询图书 在当当中查询图书 在豆瓣中查询图书


正题名:概率趣题50例     索取号:O211-49/82         预约/预借

序号 登录号 条形码 馆藏地/架位号 状态 备注
1 0262552   001958769   第三借阅区/ [索取号:O211-49/82] 在馆    
2 0262553   001441675   第三借阅区/ [索取号:O211-49/82] 在馆    
3 0262554   001441746   第二样本阅览室/ [索取号:O211-49/82] 在馆    
4 0262555   001441782   第三借阅区/ [索取号:O211-49/82] 在馆    
5 0262556   001441700   第三借阅区/ [索取号:O211-49/82] 在馆    
唐山师范学院图书馆 欢迎您!
大连网信软件有限公司© 版权所有